| 000 | 00692nam a22001337a 4500 | ||
|---|---|---|---|
| 040 | _cRUA | ||
| 082 | _aAVM NIM 2015 B508 Or.1 | ||
| 100 | _aNIM THEARITH, នីម ធារិទ្ធ | ||
| 245 | _aStudy on cholera disease in native chicken and antibiody by ha and hi-test at ponhea leuu district kandal province, សិក្សាជំងឺកូឡារ៉ាមាន់ក្នុងស្រុកនិងអង់ទីកររបស់វាតាមរយៈតេស្តHA និងHI ស្រុកពញ្ញាឮ ខេត្តកណ្ដាល | ||
| 260 |
_aPhnom Penh _bRUA _c2015 |
||
| 300 |
_axi; 41p. _bill. _c29cm. |
||
| 856 | _u NIM THEARITH | ||
| 942 | _cAVM | ||
| 999 |
_c8926 _d8926 |
||